| 000 | 00378cam a2200145ua 4500 | ||
|---|---|---|---|
| 041 |
_ahin _h |
||
| 082 |
_a891.43 _bMAN/BU |
||
| 100 | _aManiya, Vijathi . | ||
| 245 |
_aBuniyathi rish mam vibin vishay ka riesha / _cVijathi maniya. _hTextual Documents |
||
| 260 |
_aDelhi : _bRajkamal Prakash , _c1968. |
||
| 300 | _a422 ; . | ||
| 504 | _a | ||
| 942 | _cBK | ||
| 999 |
_c3651 _d3651 |
||